000 00337pam a2200145 a 4500
020 _c
041 _aeng
082 _a330.0954
_bDES
100 _aDesai SSM,
_eBhalerao N.
245 _aBhartiya Arhtavevstha
_hTextual Documents
250 _a1992.
260 _aPune:
_bNirali Prakashan,
_c1992.
300 _a684 pg .
930 _a4405
999 _c81323
_d81323